000 00268 a2200097 4500
001 13174
100 _aBurkhardt,J
245 _aPervasive Computing : Technology and Architecture of Mobile internet application
260 _a
_bPearson eduction
_c
090 _c10183
_d10183
942 _aNUST-CAE
_cM
_c207
999 _c248247
_d248247